| 000 | 00809nab a2200241 u 4500 | ||
|---|---|---|---|
| 001 | 16259 | ||
| 003 | HDC | ||
| 007 | cr bn ---aaaaa | ||
| 008 | 210220c20100622my dr|noo 0 a eng d | ||
| 040 | _aHDC | ||
| 245 | 0 | _aICCI-IHI Global Standards Can Spur Interest Among Non-Majority Muslim Countries | |
| 260 |
_a[No place] : _b[publisher not identified], _c2010 |
||
| 336 |
_atext _2rdacontent |
||
| 337 |
_acomputer _2rdamedia |
||
| 338 |
_aonline resource _2rdacarrier |
||
| 650 |
_aHalal industry _9144 |
||
| 650 |
_aHalal Integrity _91026 |
||
| 710 | _aBernama | ||
| 856 | _zRequest full-text at [email protected] | ||
| 942 | _2lcc | ||
| 942 | _cNEWS | ||
| 942 | _kNWSO 005664 | ||
| 999 |
_c13575 _d13575 |
||